Statistics for Philadelphia Most Dangerous Areas

Click here to take the quiz!

General Stats

  • This quiz has been taken 34 times
  • The average score is 4 of 15

Answer Stats

Per 100,000Neighborhood% Correct
13.75Kensington
89%
16.27Strawberry Mansion
63%
8.55Olney
41%
14.4Frankford
37%
14.85Germantown
30%
24.54Tioga-Nicetown
30%
12.42Hunting Park
26%
22.26Fairhill
22%
10.58Point Breeze
22%
8.38Juniata Park - Feltonville
19%
11.88Grays Ferry
15%
24.55Haddington - Carroll Park
11%
13.05Elmwood
7%
22.53North Central
7%
22.83Harrowgate
4%

Score Distribution

Percentile by Number Answered

Percent of People with Each Score

Your Score History

You have not taken this quiz